|
|
|
|
| LEADER |
00000nam a2200000 4500 |
| 001 |
vtls011840402 |
| 003 |
SK-MaSNL |
| 005 |
20260301143447.0 |
| 008 |
200228s2018 xo a gr 000 0 slo |
| 015 |
|
|
|a SNBA2019/02
|
| 020 |
|
|
|a 9788081791154
|q (brožované)
|
| 035 |
|
|
|a urn:nbn:sk:snk-am00dc0l
|
| 035 |
|
|
|a urn:nbn:sk:snk-am3hx1j
|
| 035 |
|
|
|a E597EC34-3E8E-45F4-8A3F-E59D73A4B0BF
|
| 040 |
|
|
|a SNK
|b slo
|c SNK
|e rda
|
| 041 |
0 |
|
|a slo
|
| 044 |
|
|
|a xo
|c SK
|
| 072 |
|
7 |
|a 82-97
|x Náboženská literatúra. Duchovná literatúra
|2 konspekt
|
| 080 |
|
|
|a 272-29
|2 2011
|
| 080 |
|
|
|a (0:82-84)
|2 2011
|
| 080 |
|
|
|a (041)
|2 2011
|
| 245 |
0 |
0 |
|a Pokojné Vianoce a šťastný Nový rok
|
| 264 |
|
1 |
|a Bratislava
|b Lúč
|c 2018
|
| 300 |
|
|
|a 15 nečíslovaných strán
|b farebné ilustrácie
|c 15 cm
|
| 336 |
|
|
|a text
|b txt
|2 rdacontent
|
| 336 |
|
|
|a statický obraz
|b sti
|2 rdacontent
|
| 337 |
|
|
|a bez média
|b n
|2 rdamedia
|
| 338 |
|
|
|a zväzok
|b nc
|2 rdacarrier
|
| 650 |
0 |
7 |
|a katolícka literatúra
|2 SNKPH
|9 119016
|
| 650 |
0 |
7 |
|a Catholic literature
|2 SNKPHeng
|9 331355
|
| 655 |
|
7 |
|a brožúry
|2 SNKPH
|9 70146
|
| 655 |
|
7 |
|a Quotations
|2 SNKPHeng
|9 302733
|
| 655 |
|
7 |
|a Brochures
|2 SNKPHeng
|9 283327
|
| 655 |
|
7 |
|a citáty
|2 SNKPH
|9 70419
|
| 919 |
|
|
|a 978-80-8179-115-4
|
| 958 |
|
|
|a NT
|
| 999 |
|
|
|c 773721
|d 775651
|
| 952 |
|
|
|a SNK
|b SNK
|y PREZ
|7 0
|p 17A1354244
|o snkOSE 5358
|i snk2019/3944
|8 0
|0 0
|1 0
|4 0
|d 2019-02-12
|f 1
|l 0
|r 2026-02-24 00:42:14
|w 2026-02-24
|
| 952 |
|
|
|a SNK
|b SNK
|y VYP
|7 0
|p 17A1354245
|o snkOSE 5358 D1
|i snk2019/3945
|8 0
|0 0
|1 0
|4 0
|d 2019-02-12
|l 0
|r 2026-02-24 00:42:14
|w 2026-02-24
|